00670aas a2200145 4500008004100000022001300041245016700054260011900221300001300340650002600353650002700379942000700406952009600413999001500509240219b |||||||| |||| 00| 0 eng d a07426763 aThe American journal of Islamic social sciences-Vol. 30, no. 4 (Fall 2013)-Special issue bIslamist spring? Islamist and the state : New paradigms and engagements aHerndon, (USA) : bThe Association of Muslim social scientists : International institute of Islamic thought,c2013 b1-172 p. aIslam -- Periodicals  aMuslims -- Periodicals cCR 00102ddc4070aMAINbMAINd2024-02-25l0o305.42 AMEpRAF5046r2024-02-25w2024-02-25yCR c4755d4755